000 00422cam a2200157ua 4500
041 _aeng
_h
082 _a425
_bJES/MO
100 _aJesperson, Otto .
245 _aModern English grammar on historical principles, Part V /
_cOtto Jesperson.
_hTextual Documents
250 _a1 /
_b.
260 _aLondon :
_bGeorge Allen & Unwin Ltd ,
_c1961.
300 _a528 ; .
504 _a
942 _cBK
999 _c8546
_d8546